First Track From Every Beatles Album - Statistics

General Stats
  • This quiz has been taken 53 times
  • The average score is 14 of 18
Answer Stats
Album Song % Correct
Help! Help!
100%
A Hard Day's Night A Hard Day's Night
98%
Magical Mystery Tour Magical Mystery Tour
96%
Yellow Submarine Yellow Submarine
96%
The Beatles Back In The U.S.S.R.
93%
Abbey Road Come Together
93%
Please Please Me I Saw Her Standing There
93%
Sgt. Pepper's Lonely Hearts Club Band Sgt. Pepper's Lonely Hearts Club Band
93%
Rubber Soul Drive My Car
91%
Let It Be Two Of Us
91%
Revolver Taxman
89%
Beatles For Sale No Reply
82%
With The Beatles It Won't Be Long
73%
Past Masters, Vols. 1 & 2 Love Me Do (Single Version)
69%
1 Love Me Do
58%
Anthology #1 Free As A Bird
47%
Anthology #2 Real Love
47%
Anthology #3 A Beginning (Instrumental)
27%
No matching quizzes found
Score Distribution
Percent of People with Each Score
Percentile by Number Answered
Your Score History
You have not taken this quiz